[Event "GER-chT U14"]
[Site "Kelheim"]
[Date "2022.12.29"]
[Round "5"]
[White "Patzschke, Carlo"]
[Black "Rogalski, Niclas"]
[Result "1-0"]
[WhiteElo "1600"]
[BlackElo "1523"]
[PlyCount "65"]
[EventDate "2022.12.26"]
[EventType "team-swiss"]
[EventRounds "7"]
[EventCountry "GER"]
[SourceTitle "CBM 212 Extra"]
[Source "ChessBase"]
[SourceDate "2023.03.31"]
[SourceVersion "1"]
[SourceVersionDate "2023.03.31"]
[SourceQuality "1"]
[WhiteTeam "Halle USV"]
[BlackTeam "Paderborn Blauer Springer"]
[WhiteTeamCountry "GER"]
[BlackTeamCountry "GER"]

1. c4 Nf6 2. g3 e5 3. Bg2 d5 4. cxd5 Nxd5 5. Nc3 Nb6 6. Nf3 Nc6 7. 0-0 Be7 8. d3 0-0 9. a3 Be6 10. b4 a6 11. Bb2 f6 12. Nd2 Qd7 13. Nce4 Rab8 14. Nc5 Bxc5 15. bxc5 Nd5 16. Qc2 Nde7 17. Rfe1 Rfd8 18. Rad1 Bd5 19. e4 Be6 20. Nb3 Nd4 21. Bxd4 exd4 22. Nd2 Nc6 23. f4 b6 24. Rc1 b5 25. Rb1 Na5 26. e5 f5 27. Rb4 c6 28. Nf3 Qe7 29. Nxd4 Rbc8 30. Qc3 Bd7 31. e6 Be8 32. Nxf5 Qc7 33. e7 1-0

[Event "GER-chT U14"]
[Site "Kelheim"]
[Date "2022.12.28"]
[Round "3"]
[White "Patzschke, Carlo"]
[Black "Espig, Nils"]
[Result "1/2-1/2"]
[WhiteElo "1600"]
[BlackElo "1608"]
[PlyCount "102"]
[EventDate "2022.12.26"]
[EventType "team-swiss"]
[EventRounds "7"]
[EventCountry "GER"]
[SourceTitle "CBM 212 Extra"]
[Source "ChessBase"]
[SourceDate "2023.03.31"]
[SourceVersion "1"]
[SourceVersionDate "2023.03.31"]
[SourceQuality "1"]
[WhiteTeam "Halle USV"]
[BlackTeam "Dresden TU"]
[WhiteTeamCountry "GER"]
[BlackTeamCountry "GER"]

1. c4 Nf6 2. g3 e5 3. Bg2 d5 4. cxd5 Nxd5 5. Nc3 Nb6 6. d3 Be7 7. Nf3 Nc6 8. 0-0 0-0 9. b3 Be6 10. Bb2 a6 11. Rc1 Qd7 12. Ne4 f6 13. Qc2 Rac8 14. Nc5 Bxc5 15. Qxc5 Nd5 16. a3 Rfd8 17. Rfd1 Nb6 18. Nd2 Bd5 19. e4 Be6 20. Bf1 Qf7 21. Nc4 Nd7 22. Qe3 b5 23. Nd2 Bxb3 24. Rxc6 Bxd1 25. Bh3 Kh8 26. Be6 Qe8 27. Rxa6 c6 28. Ba2 Rc7 29. f3 Ra8 30. Rxa8 Qxa8 31. Qe1 Bc2 32. Qc1 Bxd3 33. Qc3 Qa7+ 34. Kg2 Nc5 35. Qb4 Rc8 36. f4 exf4 37. Bd4 Na6 38. Qd6 Qc7 39. Qe6 Rd8 40. Bxf6 Rf8 41. Be5 Qd8 42. Qxc6 Nb8 43. Qc3 f3+ 44. Nxf3 Qd7 45. Bd5 Be2 46. Nh4 Bf1+ 47. Kg1 Bh3 48. Ng2 Qg4 49. Nf4 Rc8 50. Qa1 Nd7 51. Be6 Qxe6 1/2-1/2

[Event "GER-chT U14"]
[Site "Kelheim"]
[Date "2022.12.27"]
[Round "1"]
[White "Patzschke, Carlo"]
[Black "Maltsev, Mark"]
[Result "1-0"]
[WhiteElo "1600"]
[BlackElo "1428"]
[PlyCount "63"]
[EventDate "2022.12.26"]
[EventType "team-swiss"]
[EventRounds "7"]
[EventCountry "GER"]
[SourceTitle "CBM 212 Extra"]
[Source "ChessBase"]
[SourceDate "2023.03.31"]
[SourceVersion "1"]
[SourceVersionDate "2023.03.31"]
[SourceQuality "1"]
[WhiteTeam "Halle USV"]
[BlackTeam "Lichtenberg Borussia"]
[WhiteTeamCountry "GER"]
[BlackTeamCountry "GER"]

1. c4 e5 2. g3 Nf6 3. Bg2 Bc5 4. Nc3 d6 5. d3 c6 6. Nf3 Bf5 7. e4 Bg4 8. h3 Bxf3 9. Qxf3 h6 10. 0-0 0-0 11. Be3 Nbd7 12. Rab1 Qa5 13. Bxc5 dxc5 14. a3 Rfd8 15. Qe3 Ne8 16. Ne2 Nc7 17. f4 Ne6 18. f5 Nd4 19. Nxd4 cxd4 20. Qc1 Qa6 21. b4 Rac8 22. g4 Nb6 23. f6 Na4 24. fxg7 Kxg7 25. g5 Nc3 26. gxh6+ Kg6 27. Rb2 Qxa3 28. Qd2 Rd6 29. h4 Rg8 30. Qg5+ Kh7 31. Rxf7+ Kh8 32. Qxe5+ 1-0

[Event "GER-chT U14"]
[Site "Kelheim"]
[Date "2022.12.27"]
[Round "2"]
[White "Rempel, Alexander1111"]
[Black "Patzschke, Carlo"]
[Result "1/2-1/2"]
[WhiteElo "1393"]
[BlackElo "1600"]
[PlyCount "73"]
[EventDate "2022.12.26"]
[EventType "team-swiss"]
[EventRounds "7"]
[EventCountry "GER"]
[SourceTitle "CBM 212 Extra"]
[Source "ChessBase"]
[SourceDate "2023.03.31"]
[SourceVersion "1"]
[SourceVersionDate "2023.03.31"]
[SourceQuality "1"]
[WhiteTeam "Augsburg SF"]
[BlackTeam "Halle USV"]
[WhiteTeamCountry "GER"]
[BlackTeamCountry "GER"]

1. e4 c5 2. Nf3 d6 3. d4 cxd4 4. Nxd4 Nf6 5. Nc3 a6 6. a4 e5 7. Nf3 Be7 8. Bc4 Be6 9. Qe2 Bxc4 10. Qxc4 Nbd7 11. 0-0 Rc8 12. Qe2 0-0 13. Rd1 Qc7 14. Bg5 Rfe8 15. Rd2 Nb6 16. Bxf6 Bxf6 17. Rb1 Qc6 18. a5 Nc4 19. Rd5 Nxb2 20. Nb5 Qc4 21. Qxc4 Nxc4 22. Nxd6 Nxd6 23. Rxd6 Rxc2 24. Kf1 Rc7 25. Rdb6 Rc5 26. Rxb7 Rxa5 27. Ra7 Be7 28. Rb6 Ra1+ 29. Ne1 f6 30. Rbxa6 Rxa6 31. Rxa6 Kf7 32. g3 Bb4 33. Ke2 Bxe1 34. Kxe1 Rb8 35. Ra7+ Kg6 36. Ke2 Rb3 37. Rd7 1/2-1/2